000 00388pab a2200157 454500
008 180718b2012 xxu||||| |||| 00| 0 eng d
100 _aGarimella, Sreenivas
245 _aSustainable growth - The accountants role
260 _c2012
300 _ap.262-266.
362 _aMar
650 _aSustainable development
773 _aManagement Accountant
908 _aN
909 _a96547
999 _c96547
_d96547